000
00308nam a22001217a 4500
008
230522b |||||||| |||| 00| 0 eng d
020
_a
9789132116066
082
_a
371.4
100
_a
Jeffrey A. Kottler and Ellen Kottler
245
_a
Counseling skills for teachers
300
_a
139 p.
_c
24 cm
942
_2
ddc
999
_c
9594
_d
9595